| 000 | 00513nam a2200205Ia 4500 | ||
|---|---|---|---|
| 008 | 170918s9999 xx 000 0 und d | ||
| 020 | _a9780590769983 | ||
| 050 | _bC837 1997 | ||
| 100 | _aCostain, Meredith | ||
| 245 | _aMom's secret / | ||
| 245 | _cMeredith Constain ; illustrated by Janet Wolf. | ||
| 260 | _aNew York : | ||
| 260 | _bScholastic, | ||
| 260 | _c1997 | ||
| 300 | _aunpaged : | ||
| 300 | _bcolored illustration ; | ||
| 300 | _c18cm. | ||
| 440 | _aReading discovery. | ||
| 500 | _a180 | ||
| 999 |
_c341020 _d341020 |
||